00349 2200145 4500001002100000005001500021035002000036082000800056084001400064100001600078245005400094260001900148300001200167990002400179INLIS00000000000223220250527015912 a0010-0525000524 a700 a700 LUC p0 aLucas Loman1 aPetunjuk Praktis Bermain Tenis /cdr. Lucas Loman bAngkasa,c2008 a132 hlm a0713155 s/d 0713156